| 000 | 00863nam a22002897a 4500 | ||
|---|---|---|---|
| 003 | CHAP | ||
| 005 | 20220329140833.0 | ||
| 008 | 971013s1954 r 00010 d | ||
| 010 | _a58388 | ||
| 011 | _a59360 | ||
| 035 | _a63518 | ||
| 040 | _cCHAP | ||
| 082 |
_a636.50892 _bS88 |
||
| 100 | 0 | 0 |
_aSturkie, Paul D. _9110103 |
| 245 | _aAvian physiology | ||
| 260 |
_aIthaca : _bComstock, _c1954 |
||
| 300 |
_a423 p. _b: ilus. |
||
| 590 |
_aBATCH-UPD _b10 _c20130110 _lUCH01 _h0212 |
||
| 590 |
_aBATCH-UPD _b10 _c20130110 _lUCH01 _h2329 |
||
| 590 |
_aBATCH-UPD _b10 _c20130409 _lUCH01 _h2229 |
||
| 590 |
_aBATCH-UPD _b10 _c20130914 _lUCH01 _h2133 |
||
| 590 |
_aCONVERSION _b10 _c20130109 _lUCH01 _h1331 |
||
| 650 | 1 | 4 |
_aAves _xFisiologĂa y morfologĂa. _98608 |
| 901 | _aBK | ||
| 942 | _cLIBRO | ||
| 949 |
_a636.50892 S88 _bBC _cLIBRO _d33724000105581 _eLIBRO _h24687 _i63518 _si |
||
| 999 |
_c58388 _d58388 |
||